000
00406nam a2200145Ia 4500
008
100204s9999 xx 000 0 und d
082
_b
5432
100
_a
आफळे सुनिती
245
_a
केवडा
260
_b
"आरती प्रकाशन, डोंबिवली"
_c
1983
300
_a
164
630
_a
केवडा
730
_a
केवडा
942
_c
BOOK
999
_c
450018
_d
450015